| 000 | 00576nam a2200193 a 4500 | ||
|---|---|---|---|
| 005 | 20240925064625.0 | ||
| 008 | 050503s1988 mx r 000 0 spa d | ||
| 020 | _a8428106312 | ||
| 035 | _aUPN01000138471 | ||
| 049 | _aCG | ||
| 050 | 4 |
_aLB1715 _bH4.4 |
|
| 100 | 1 | _aHernández, Pedro | |
| 245 | 1 | 0 |
_aEducación de la personalidad : _bel papel del profesorado / _cPedro Hernández, L. E. Santana. |
| 260 |
_aBarcelona, Esp. : _bOikos-Tau, _c1988. |
||
| 300 | _a155 p. | ||
| 650 | 4 |
_aMaestros _xFormación profesional _9804 |
|
| 650 | 4 |
_aPersonalidad _97690 |
|
| 905 | _aLibro | ||
| 999 |
_c110619 _d110619 |
||